02199nam a2200253 i 4500001000700000003000900007005001700016008004100033017001600074020002200090021000700112035002100119040001300140100003300153245014200186260003300328300002000361490003500381504003300416520142800449650002001877650002901897651001901926204115ES-MaBCM20231019062716.0170328t2016 sp||||| |||| 00| 0 spa d aB.8862-2016 a978-84-15663-53-9 axx a(OCoLC)978433100 cES-MaBCM1 aIglesias Cavicchioli, Manuel13aLa visión neoconservadora de las relaciones internacionales y la política exterior de los Estados UnidoscManuel Iglesias Cavicchioli aBarcelona :bHuygens ,c2016 a280 p. ;c24 cm0 aColección Ciencia política aBibliografía: p. [255]-280 aEn los últimos años, el neoconservadurismo se ha convertido en un concepto clave para entender la política exterior de los EE.UU. y, en consecuencia, para analizar el propio devenir de las relaciones internacionales de la primera década del siglo XXI. El 11-S, la guerra de Afganistán y especialmente la guerra de Irak han situado al neoconservadurismo en el primer plano del debate político internacional. Nos hallamos ante un movimiento político y una concepción teórica que ha desempeñado un papel crucial en la formulación e implementación de la política exterior de la primera superpotencia mundial en un periodo reciente marcado por la alta conflictividad internacional y por la máxima securitización de la agenda. ¿Estamos ante un subtipo de alguna de las escuelas teóricas tradicionales como el realismo o el liberalismo?; ¿cabe considerar al neoconservadurismo como una verdadera teoría de las relaciones internacionales o estamos, únicamente ante una serie de ideas generales en torno a la política exterior americana? En las páginas de esta obra, encontraremos respuesta a estas y otras cuestiones: el autor clarificará qué entendemos exactamente por neoconservadurismo, cuál ha sido su evolución, y realizará un análisis sistemático de la concepción neoconservadora con el objetivo de encontrar su lugar en la teoría de las relaciones internacionales.27aConservadurismo27aPolítica internacional 4aEstados Unidos